MDQL
is popping MORE tags! Check the
thread
!
Quizzes
Events
Quiz Creation
Community
Videos
Private Events
Remove Ads
Sign In
Join for FREE
Feedback
Dark Mode
Quiz Categories
Sports
Geography
Music
Movies
Television
Just For Fun
Miscellaneous
History
Literature
Language
Science
Gaming
Entertainment
Religion
Holiday
For Kids
Quiz Lab
Recent
Popular Today
Quiz Kudos Today
Editor Picks
Curator Picks
Quizzes by...
Day
Popularity
Type
Ratings
Length
Year
Community
Subscriptions
Recent Discussions
Orange Saloon
Badges
Playlists
Quests
Create
Leaderboards
Showdown
Live 5
Trivia Bingo
Activity
Puzzle Library
Sporcle Events
Private Events
Virtual Trivia
Globe League
Become a Host
Pub Owners
SporcleCon
Opinionation
Our Games
Videos
Blog
Mobile Apps
Partnerships
Remove Ads and Go Orange
Feedback
Sports
Athletes
MLB
NBA
NHL
NFL
Soccer
Sports Teams
WWE
NCAA
Football
Premier League
Basketball
Baseball
Hockey
Golf
Tennis
Cricket
Rugby
Auto Racing
Olympics
World Cup
Sports
Athletes
MLB
NBA
NHL
NFL
Soccer
Sports Teams
WWE
NCAA
Football
Premier League
Basketball
Baseball
Hockey
Golf
Tennis
Cricket
Rugby
Auto Racing
Olympics
World Cup
Random Quiz
Search Sporcle
×
Curator Pick
Curator Pick
Sports
Premier League
Type in answers that appear in a list
Type in answers that appear in a list
Classic
Best Score? Go Orange.
Premier League - managers' most expensive signings Stats
Can you name the most expensive player signed by these Premier League managers?
By
AngrySi
20m
93 Questions
5,087 Plays
5,087 Plays
5,087 Plays
Comments
Comments
Give Quiz Kudos
Give Quiz Kudos
-
- Ratings
hide this ad
More Info
Replay
Link that replays current quiz
Next Quiz
Link to next quiz in quiz playlist
You Got
0%
They Got
Avg Score
26%
Avg Friend Score
Upgrade to see
Score Distribution
Jump to the score distribution portion of the page
Score
0/93
Timer
20:00
0
Plays Today
Manager
Player
% Correct
Carlo Ancelotti
Fernando Torres
90.7%
Rafa Benitez
Fernando Torres
90.7%
Kenny Dalglish
Andy Carroll
76.7%
Sir Alex Ferguson
Dimitar Berbatov
67.5%
Roberto Mancini
Sergio Aguero
66.2%
Kevin Keegan
Alan Shearer
61%
Martin Jol
Darren Bent
60.9%
Gerard Houllier
Darren Bent
60.9%
Roberto Di Matteo
Eden Hazard
59.2%
David O'Leary
Rio Ferdinand
59%
Gerry Francis
Les Ferdinand
58.7%
Neil Warnock
Anton Ferdinand
58.6%
Tony Pulis
Peter Crouch
55.8%
Graham Taylor
Peter Crouch
55.8%
Martin O'Neill
Stewart Downing, Steven Fletcher or James Milner
55.8%
Mark Hughes
Carlos Tevez
53.6%
Jose Mourinho
Andrei Shevchenko or Willian.
51.9%
David Moyes
Juan Mata
50.1%
David Pleat
Jermain Defoe
49.4%
Harry Redknapp
Jermain Defoe
49.4%
Gordon Strachan
Robbie Keane or Craig Bellamy
48.3%
Alan Pardew
Papiss Cisse
44.7%
Graham Souness
Michael Owen
42.9%
Brendan Rodgers
Joe Allen or Mamadou Sakho
41.9%
Sam Allardyce
Nicolas Anelka
41.6%
Nigel Adkins
Gaston Ramirez
41%
Andre Villas-
Boas
Roberto Soldado or Erik Lamela
40.2%
Arsene Wenger
Mesut Ozil
40.1%
Mick McCarthy
Roger Johnson
39.5%
Juande Ramos
Luka Modric
32.4%
Michael Laudrup
Wilfried Bony
31.9%
Manager
Player
% Correct
Gareth Southgate
Alfonso Alves
30.8%
Bruce Rioch
Dennis Bergkamp
29.6%
Paul Lambert
Christian Benteke
29%
Alan Curbishley
Craig Bellamy
28.9%
Claudio Ranieri
Damien Duff
28.1%
Phil Brown
Jimmy Bullard
27.5%
Chris Coleman
Franck Queuedue or Jimmy Bullard
27.5%
Gianluca Vialli
Jimmy Floyd Hasselbaink
27.4%
Paul Jewell
Emile Heskey
27%
Roy Evans
Stan Collymore
26.5%
Brian Little
Stan Collymore
26.5%
Dave Jones
Kenny Miller or Kevin Davies
24.9%
Jean Tigana
Steve Marlet
24.2%
Brian Clough
Teddy Sheringham
23.1%
Steve Bruce
Asamoah Gyan
21.6%
Ruud Gullit
Duncan Ferguson
21.3%
Roy Keane
Craig Gordon
20.9%
Frank Clark
Kevin Campbell
19.1%
Peter Reid
Tore Andre Flo
19.1%
John Gregory
Juan Pablo Angel
17.8%
Bobby Robson
Laurent Robert
16.8%
Glenn Hoddle
Dean Richards
16.3%
Phil Neal
Dion Dublin
15.7%
Roberto Martinez
James McCarthy
15.5%
Alex McLeish
Charles N'Zogbia
15.4%
Joe Kinnear
John Hartson
13.8%
Gary Megson
Johan Elmander
13.4%
George Graham
Sergei Rebrov
13.3%
Glenn Roeder
Obafemi Martins
12.1%
Jacques Santini
Michael Carrick
11.4%
Stewart Houston
Patrick Vieira
11.1%
Manager
Player
% Correct
Steve McClaren
Massimo Maccarone
10.6%
Chris Hughton
Ricky van Wolfwsinkel
10.2%
Roy Hodgson
Raul Meireles
9.3%
Avram Grant
Joe Bosingwa
9.1%
Peter Taylor
Ade Akinbiyi
8.4%
Joe Royle
Nick Barmby
8.2%
Sven Goran Eriksson
Rolando Bianchi
8%
Steve Kean
Scott Dann
7.8%
Stuart Pearce
Georgios Samaras
7%
Howard Wilkinson
Lee Sharpe or Tomas Brolin
6.9%
Owen Coyle
David Ngog
6.5%
Alan Ball
Georgiou Kinkladze
5.7%
Ron Atkinson
Andy Hinchcliffe or Gary McAllister
5.6%
Paul Hart
Kevin Prince Boateng
5.3%
Bryan Robson
Ugo Ehiogu
4.9%
Brian McDermott
Chris Gunter or Adrian Mariappa
4.7%
Walter Smith
Ibrahim Bakayoko, Tomasz Radzinski or Alex Nyarko
4.6%
Ossie Ardiles
Gica Popescu
4.1%
Howard Kendall
Mo Johnston, John Oster or John Spencer
3.2%
Trevor Francis
Andy Sinton
2.6%
Danny Wilson
Gilles de Bilde
2.5%
Ray Harford
Garry Flitcroft
1.7%
Dave Bassett
Nigel Quashie
1.4%
Ian Porterfield
Robert Fleck
1.4%
Aidy Boothroyd
Danny Shittu
1.3%
Bobby Gould
Roy Wegerle
1.1%
Paul Ince
Vince Grella
1.1%
Ian Dowie
Souleymane Diawara
1.1%
Brian Horton
David Rocastle
1.1%
Ray Wilkins
Mark Hateley
0.9%
Steve Coppell
Valerien Ismael
0.4%
Quiz Playlist
Details
Report
Send in Message
Add To Playlist
More Info:
* Fee never officially released. Figure used was widely reported in various media.
Classic:
Type in answers that appear in a list
Last Updated: Jul 14, 2017
Curator Pick in
Premier League
Quiz Scoreboard
CHALLENGE
Sign Up to Join the Scoreboard
Show All
Scores
Hide
Comments
May contain spoilers
Recently Published
Two Season TV Shows II
by 123Four
Television
10m
Image Sorting: Flags VI
by Barbecue
Geography
2m
Find the 'City' Movie
by crazypaving
Movies
60s
More to Explore
Quiz From the Vault
Featured Blog Post
14 Easter Pick-up Lines to Find Eggs With
hide this ad
You Might Also Like...
Tags
Premier League Quiz
Expensive
League
Manager
Player
Premier
price
Signed
Signing
Today's Top Quizzes in Sports
Browse Sports
hide this ad
Today's Top Quizzes in Premier League
Browse Premier League
Top Contributed Quizzes in Sports
1
Les meilleurs buteurs des matchs entre le PSG et l’OM
2
Les entraîneurs de l'OM et du PSG au 21e siècle
3
2022 World Cup Stars
4
Les joueurs passés par le PSG et l'OM
5
Players with Multiple 50 Home Run Seasons
6
Criteria MLB: Left Handed Sluggers
7
FIFA Club World Cup Champions
8
Les joueurs passés par le LOSC et le RC Lens
9
NBA Logic Puzzle 2.0
10
Top 10 NHL Goal Scorers of All Time
Explore More
Trending Topics
NBA
Disney
Anime
Kpop
Crossword
Marvel
Harry Potter
The Office
Song
Puzzle
NFL
Soccer
Country
WWE
Pokémon
hide this ad
More By:
AngrySi
Quiz
Plays
Rating
Category
Featured
Created
Closest Countries to Germany A-Z
346,523
4.41
Geography
Jul 29, 2011
Premier League: 100 Best Players
206,929
4.69
Sports
Jul 10, 2016
Follow That Line: Star Wars
176,854
4.63
Movies
Jul 16, 2012
Premier League: Consistent Goal-Scorers
139,983
4.72
Sports
Jan 30, 2015
Countries Larger Than the UK?
135,739
4.25
Geography
Jul 5, 2012
Go to Creator's Profile
Score Distribution
Quiz Creator Spotlight
AngrySi
Follow
Send a Message
Quizzes Created
-
Created Quiz Play Count
-
More By This Creator
Popular Quizzes Today
1
Find the US States - No Outlines Minefield
2
Colored Red Africa Blitz
3
Find the 'City' Movie
4
5x2 Blitz: Bands
5
The Countries of the World
6
Find the Countries of Europe - No Outlines Minefield
7
Find the US States
8
US States
More Sports Quizzes
Marcus Rashford's Winning XI's against Everton
Quiz Lab
Trending Quizzes
Colored Red Europe Blitz I
Colored Red Africa Blitz II
Colored Red Europe Blitz II
Colored Red Africa Blitz III
Colored Red Europe Blitz III
Recently Updated
How Do You Spell That?
pecheneg
Godzilla Movies
pecheneg
Grab Bag: 4-10 Letters
pecheneg
2024 March Madness Bracket
pecheneg
Famous TV Couples
Peacemaker
Champions League XIs: Real Madrid
pecheneg
Largest US Cities 1790-2010
pecheneg
Rides in Walt Disney World
pecheneg
Most Oscar Losses (Acting)
pecheneg
Beyoncé Albums
pecheneg
Trending Topics
Crossword
Disney
Anime
NBA
Marvel
Harry Potter
Kpop
Song
WWE
Pokémon
Soccer
NFL
The Office
Country
Puzzle
Your Account Isn't Verified!
In order to create a playlist on Sporcle, you need to verify the email address you used during registration. Go to your
Sporcle Settings
to finish the process.
Report this User
Report this user for behavior that violates our
Community Guidelines
.
Details:
Send Report
Go to the Sporcle.com Mobile Site →
Comments